Salón 2002 11. ročník výstavy Salón 2002 : 5.12.2002 - 5.1.2003, Výstavná sieň UBS Bratislava

Podrobná bibliografia
Korporácia: Salón Bratislava, Slovensko (Autor), Spoločnosť voľných výtvarných umelcov (Bratislava, Slovensko) (Autor)
Ďalší autori: Zmetáková, Uľjana, 1951- (tex), Kráľ, Pavol, 1953- (tex), Pekár, P. (fot), Fulierová, Květoslava, 1932- (fot)
Médium: Konferenčný príspevok Kniha
Jazyk:slovenčina
Fyzický popis:22 s. fareb. fotogr. 30 cm
Vydavateľské údaje: Bratislava SVVU [2002]
ISBN:8089107028
Predmet:

MARC

LEADER 00000nam a2200000 a 4500
001 vtls001452242
003 SK-MaSNL
005 20260425222744.0
008 030415s2003 xx gr 0 slo
015 |a SNBE2003/03-01450 
020 |a 8089107028 
035 |a SNK000407549 
040 |a SNK  |b slo  |c SNK  |e AACR2 
043 |a e-xo--- 
072 7 |a 75  |2 konspekt 
080 |a 75.051.046.3  |2 1981 
080 |a 72/79:069.5  |2 1981 
080 |a (083.824)  |2 1981 
080 |a (437.6-25)  |2 1981 
080 |a 73/76:061.4(083.9)  |2 2. slo 
080 |a 069.6.02:73/76  |2 2. slo 
111 1 |a Salón  |n 11.  |d 2002  |c Bratislava, Slovensko  |4 aut  |9 312906 
245 1 |a Salón 2002  |b 11. ročník výstavy Salón 2002 : 5.12.2002 - 5.1.2003, Výstavná sieň UBS Bratislava  |c texty: U. Zmetáková, P. Kráľ ; foto: P. Pekár, K. Fulierová 
260 |a Bratislava  |b SVVU  |c [2002] 
300 |a 22 s.  |b fareb. fotogr.  |c 30 cm 
500 |a 200 výt. 
504 |a Biogr. údaje 
610 0 7 |a Spoločnosť voľných výtvarných umelcov  |a Bratislava, Slovensko  |x výstavy  |y 2002  |x katalógy  |2 SNK  |9 312907 
611 1 7 |a Salón  |n 11.  |d 2002  |c Bratislava, Slovensko  |x výstavy  |x katalógy  |2 SNK  |9 312908 
650 0 7 |a umelecké zbierky  |z Slovensko  |2 SNK  |9 303316 
650 0 7 |a umenie výtvarné  |x výstavy  |z Bratislava (Slovensko)  |x katalógy  |2 SNK  |9 312909 
650 0 7 |a maliarstvo  |2 SNK  |9 812 
651 7 |a Bratislava (Slovensko)  |2 SNK  |9 14568 
655 7 |a katalógy výstav  |2 SNK  |9 70445 
700 1 |a Zmetáková, Uľjana,  |d 1951-  |4 tex  |9 189601 
700 1 |a Kráľ, Pavol,  |d 1953-  |4 tex  |9 186548 
700 1 |a Pekár, P.  |4 fot  |9 312910 
700 1 |a Fulierová, Květoslava,  |d 1932-  |4 fot  |9 122639 
710 2 |a Spoločnosť voľných výtvarných umelcov (Bratislava, Slovensko)  |4 aut  |9 35396 
919 |a 80-89107-02-8 
999 |c 567261  |d 569191 
952 |t P60, <03>, [BOOK], {603}  |a SNK  |b SNK  |y PREZ  |7 0  |p 17A0378208  |o snkOSB 13617  |i snkKSP 5067/2003  |0 0  |1 0  |4 0  |d 2003-04-16  |l 0  |r 2005-01-02 00:00:00  |w 2026-02-23 
952 |t P60, <04>, [BOOK], {604}  |a SNK  |b SNK  |y VYP  |7 0  |p 17A0378209  |o snkOSB 13617 D1  |i snkKSP 5068/2003  |0 0  |1 0  |4 0  |d 2003-04-16  |l 0  |r 2005-01-02 00:00:00  |w 2026-02-23